| 000 | 00418nam a2200157Ia 4500 | ||
|---|---|---|---|
| 008 | 210716s2000 xx 000 0 und d | ||
| 020 | _a8125906355 | ||
| 041 | _aeng | ||
| 082 | _a160 THOS | ||
| 100 | _aThorpe, Showick. | ||
| 245 | _aGeneral intelligence and test of reasoning. | ||
| 250 | _a1 | ||
| 260 |
_aNew Delhi _bVikas Publishing House Pvt Ltd _c2000 |
||
| 300 | _axvii,8.41 | ||
| 650 | _aGeneral Knowledge | ||
| 999 |
_c185813 _d185813 |
||